000 00771cab a2200277 4500
001 ABS47257
008 090401t1992 xxu||||| |||| 00| 0 eng d
035 _a(Sirsi) u61254
041 _aeng
100 _aHewitt, J.
245 _aDeath of a tenant
260 _c1992
350 _a0
490 _aLaw Society`s Gazette
_v89(35) 30 September 1992, 24-25(2)
520 _aDiscusses the problems which arise when a tenant dies.
650 _aLANDLORD AND TENANT ACT 1927 S18(2)
650 _aLANDLORD AND TENANT ACT 1954 S146
650 _aLAW OF PROPERTY ACT 1945 S196
650 _aNOTICE TO QUIT
650 _aPROBATE
650 _aREPAIRS
650 _aS146 NOTICES
690 _aPROPERTY-LANDLORD AND TENANT
942 _n0
948 _c04/03/1997
999 _c37909
_d37909